000 00785nam a22002057a 4500
999 _c5578
_d5578
003 AR-CdUCM
008 190312b ||||| |||| 00| 0 spa d
040 _aMUNICIPALIDAD PROVINCIAL DEL CUSCO
_cBIBLIOTECA MUNICIPAL DEL CUSCO
082 _a343.62 /
_bZ52
100 _aZegarra Meneses, Guillermo
_916696
245 _a¿Por qué debemos luchar por la descentralización? /
260 _aArequipa :
_c1957.
300 _a55 paginas ;
_c20 cm.
500 _aDonación de la familia Nieto.
505 _aContenido :El centralismo en el Perú -- El nuevo gobierno -- Sanción por su incumplimiento -- Critica del reglamento -- Descentralización administrativa ...
650 _aCentralismo y descentralismo
_916697
650 _aPerú
_92178
942 _2ddc
_cLIBROS
945 _arum